000 00520nam a22001937a 4500
003 KOHA_MİRAKIL
005 20251117144335.0
008 251117b tu ||||| |||| 00| 0 tur d
020 _a9786050830224
040 _aTR-AnABB
_btur
_cTR-AnABB
041 _atur
082 _a839.8236
_bHAM 2019
100 1 _aHamsun, Knut,
245 1 0 _aBenoni /
_cKnut Hamsun
260 _aİstanbul :
_bTimaş Yayınları,
_c2019
300 _a238 sayfa ;
_c21 cm
650 0 4 _aNorveç edebiyatı, roman
942 _2ddc
_cBK
999 _c9480
_d9480
900 _bGizem YORULMAZ